| 000 | 01374nam a2200181Ia 4500 | ||
|---|---|---|---|
| 008 | 151202s9999||||xx |||||||||||||| ||und|| | ||
| 082 | _bPNVM-124415 | ||
| 100 | _a"काकडे सीमा, दीक्षित प्रांजळ." | ||
| 245 | _aमेळघाटातील स्थलांतर क्षेत्रीय आणि एकात्मिक दृष्टिकोनातून रोहयोप्रकरणे 3 परिशिष्टे 2. | ||
| 260 | _bप्रयास अमृता क्लिनिक आठवले कॉर्नर कर्वे रस्ता पुणे 411 004. | ||
| 260 | _c0 | ||
| 300 | _a49 | ||
| 600 | _a"काकडे सीमा, दीक्षित प्रांजळ." | ||
| 630 | _aमेळघाटातील स्थलांतर क्षेत्रीय आणि एकात्मिक दृष्टिकोनातून रोहयोप्रकरणे 3 परिशिष्टे 2. | ||
| 700 | _a"काकडे सीमा, दीक्षित प्रांजळ." | ||
| 730 | _aमेळघाटातील स्थलांतर क्षेत्रीय आणि एकात्मिक दृष्टिकोनातून रोहयोप्रकरणे 3 परिशिष्टे 2. | ||
| 942 | _cBOOK | ||
| 999 |
_c1354543 _d1354540 |
||